<?xml version="1.0" encoding="UTF-8"?><?xml-stylesheet type="text/xsl" href="static/style.xsl"?><OAI-PMH xmlns="http://www.openarchives.org/OAI/2.0/" xmlns:xsi="http://www.w3.org/2001/XMLSchema-instance" xsi:schemaLocation="http://www.openarchives.org/OAI/2.0/ http://www.openarchives.org/OAI/2.0/OAI-PMH.xsd"><responseDate>2026-04-17T20:34:59Z</responseDate><request verb="GetRecord" identifier="oai:riubu.ubu.es:10259/10085" metadataPrefix="marc">https://riubu.ubu.es/oai/request</request><GetRecord><record><header><identifier>oai:riubu.ubu.es:10259/10085</identifier><datestamp>2025-01-30T01:05:35Z</datestamp><setSpec>com_10259_4809</setSpec><setSpec>com_10259_5086</setSpec><setSpec>com_10259_2604</setSpec><setSpec>col_10259_4810</setSpec></header><metadata><record xmlns="http://www.loc.gov/MARC21/slim" xmlns:doc="http://www.lyncode.com/xoai" xmlns:xsi="http://www.w3.org/2001/XMLSchema-instance" xmlns:dcterms="http://purl.org/dc/terms/" xsi:schemaLocation="http://www.loc.gov/MARC21/slim http://www.loc.gov/standards/marcxml/schema/MARC21slim.xsd">
<leader>00925njm 22002777a 4500</leader>
<datafield tag="042" ind1=" " ind2=" ">
<subfield code="a">dc</subfield>
</datafield>
<datafield tag="720" ind1=" " ind2=" ">
<subfield code="a">Vicente Cabrera, Miguel Ángel</subfield>
<subfield code="e">author</subfield>
</datafield>
<datafield tag="720" ind1=" " ind2=" ">
<subfield code="a">Ruiz, Gonzalo</subfield>
<subfield code="e">author</subfield>
</datafield>
<datafield tag="720" ind1=" " ind2=" ">
<subfield code="a">González Cabrera, Dorys Carmen</subfield>
<subfield code="e">author</subfield>
</datafield>
<datafield tag="720" ind1=" " ind2=" ">
<subfield code="a">Mínguez Algarra, Jesús</subfield>
<subfield code="e">author</subfield>
</datafield>
<datafield tag="720" ind1=" " ind2=" ">
<subfield code="a">Tarifa, Manuel .</subfield>
<subfield code="e">author</subfield>
</datafield>
<datafield tag="720" ind1=" " ind2=" ">
<subfield code="a">Zhang, Xiaoxin .</subfield>
<subfield code="e">author</subfield>
</datafield>
<datafield tag="260" ind1=" " ind2=" ">
<subfield code="c">2019-11</subfield>
</datafield>
<datafield tag="520" ind1=" " ind2=" ">
<subfield code="a">The effects of the fiber orientation and content on the behavior of steel fiber-reinforced concrete (SFRC) under static and cyclic compressive loads are studied using the computed tomography (CT) technique, and the resistance mechanisms of the fibers are carefully observed. The results suggest that the intrinsic scatter in the fatigue life could be partially explained by the essential scatter in the fiber orientation and content. On the contrary, no relationship is observed between the intrinsic scatter in compressive strength and fiber orientation and content, which suggests that the compressive strength of the specimens is mainly due to their concrete matrix.</subfield>
</datafield>
<datafield tag="024" ind2=" " ind1="8">
<subfield code="a">0142-1123</subfield>
</datafield>
<datafield tag="024" ind2=" " ind1="8">
<subfield code="a">http://hdl.handle.net/10259/10085</subfield>
</datafield>
<datafield tag="024" ind2=" " ind1="8">
<subfield code="a">10.1016/j.ijfatigue.2019.06.038</subfield>
</datafield>
<datafield ind1=" " ind2=" " tag="653">
<subfield code="a">Fiber-reinforced concrete</subfield>
</datafield>
<datafield ind1=" " ind2=" " tag="653">
<subfield code="a">CT-Scan technology</subfield>
</datafield>
<datafield ind1=" " ind2=" " tag="653">
<subfield code="a">Crack patterns</subfield>
</datafield>
<datafield ind1=" " ind2=" " tag="653">
<subfield code="a">Fatigue</subfield>
</datafield>
<datafield tag="245" ind1="0" ind2="0">
<subfield code="a">Effects of fiber orientation and content on the static and fatigue behavior of SFRC by using CT-Scan technology</subfield>
</datafield>
</record></metadata></record></GetRecord></OAI-PMH>